000 00511nam a2200181Ia 4500
005 20250326123848.0
008 250326s9999 xx 000 0 und d
037 _aTextbook
040 _aFMSL
_beng
_cFMSL
041 _aeng
_2eng
084 _aS(X:8) L0
_qFMSL
100 _aFeinberg M R
_9736268
245 0 _aEffective psychology for managers
_cFeinberg M R
260 _aNew Jersey
_bNew Jersey, Prentice-Hall
_c1970
300 _a224p
942 _cTB
_hS(X:8) L0
999 _c1271246
_d1271246